000 00248 a2200097 4500
020 _a9781108002677
100 _aGeorge Gabriel Stokes
_925468
245 _aMathematical and Physical Papers
260 _bCambridge University Press
_c2009
942 _cTRB
999 _c14798
_d14798